| Tag |
First Indicator |
Second Indicator |
Subfields |
| LEADER |
00000nam a2200000Mi 4500 |
| 001 |
in00004777430 |
| 006 |
m o d |
| 007 |
cr || |||||||| |
| 008 |
231209t20232023nyu fo d z000 0 eng d |
| 005 |
20240212223926.2 |
| 010 |
|
|
|a 2023004662
|
| 035 |
|
|
|a (OCoLC)on1414456970
|
| 040 |
|
|
|a DEGRU
|b eng
|e rda
|c DEGRU
|
| 020 |
|
|
|a 9781800739987
|
| 020 |
|
|
|a 1800739982
|
| 024 |
7 |
|
|a 10.1515/9781800739987
|2 doi
|
| 035 |
|
|
|a (OCoLC)1414456970
|
| 044 |
|
|
|a nyu
|c US-NY
|
| 050 |
0 |
0 |
|a HT384.C6
|b T746 2023
|
| 050 |
|
4 |
|a HT384.C6
|
| 072 |
|
7 |
|a SOC002010
|2 bisacsh
|
| 049 |
|
|
|a TXAM
|
| 100 |
1 |
|
|a Trémon, Anne-Christine,
|e author.
|4 aut
|4 http://id.loc.gov/vocabulary/relators/aut
|
| 245 |
1 |
0 |
|a From Village Commons to Public Goods :
|b Graduated Provision in Urbanizing China /
|c Anne-Christine Trémon.
|
| 264 |
|
1 |
|a New York;
|a Oxford :
|b Berghahn Books,
|c [2023]
|
| 264 |
|
4 |
|c 2023
|
| 300 |
|
|
|a 1 online resource (284 pages).
|
| 336 |
|
|
|a text
|b txt
|2 rdacontent
|
| 337 |
|
|
|a computer
|b c
|2 rdamedia
|
| 338 |
|
|
|a online resource
|b cr
|2 rdacarrier
|
| 347 |
|
|
|a text file
|b PDF
|2 rda
|
| 490 |
0 |
|
|a Dislocations ;
|v 34
|
| 505 |
0 |
0 |
|t Frontmatter --
|t CONTENTS --
|t List of Illustrations --
|t Acknowledgments --
|t Note on Anonymization --
|t Glossary --
|t Introduction. Graduated Provisioning in China's Urbanized Villages --
|t Chapter 1. Three Villages-in-the-City --
|t Chapter 2. From Village Commons to Urban Public Goods --
|t Chapter 3. Creating Visual and Public Order --
|t Chapter 4. Building Moral Communities --
|t Chapter 5. Segregated Public Space and the Right to the City --
|t Conclusion. Exclusion and Rivalry, Lasting Inequalities, and Neoliberal Provision --
|t References --
|t Index
|
| 520 |
|
|
|a Illuminating the complex processes of China's uneven urbanization through the lens of the transition from village commons to public goods, this book is set in three urbanized villages in Shenzhen, Chengdu, and Xi'an, which have experienced similar demographic explosions and dramatic changes to their landscapes, the livelihoods of its inhabitants, and the power structures governing their residents. Graduated provision is the delivery of public goods informed by the teleological ideology of urbanization, and by neoliberalism with Chinese characteristics, and has been employed as an answer to the challenges of making public goods, such as welfare provisions, public parks, education, and senior care, equally accessible to all in recently urbanized communities.
|
| 536 |
|
|
|a funded by Swiss National Science Foundation
|
| 546 |
|
|
|a In English.
|
| 588 |
0 |
|
|a Description based on online resource; title from PDF title page (publisher's Web site, viewed 09. Dez 2023).
|
| 650 |
|
0 |
|a Human services
|z China.
|
| 650 |
|
0 |
|a Public goods.
|
| 650 |
|
0 |
|a Urbanization
|z China.
|
| 650 |
|
0 |
|a Villages
|z China.
|
| 650 |
|
7 |
|a SOCIAL SCIENCE / Anthropology / Cultural & Social.
|2 bisacsh
|
| 655 |
|
7 |
|a Electronic books.
|2 local
|
| 710 |
2 |
|
|a Walter de Gruyter & Co.
|
| 710 |
2 |
|
|a Swiss National Science Foundation
|e funder.
|4 fnd
|4 http://id.loc.gov/vocabulary/relators/fnd
|
| 856 |
4 |
0 |
|u https://www.degruyter.com/openurl?genre=book&isbn=9781800739987
|z Connect to the full text of this electronic book
|t 0
|
| 955 |
|
|
|a De Gruyter Open Access ebooks
|
| 994 |
|
|
|a 92
|b TXA
|
| 999 |
f |
f |
|s dc315a79-986d-466c-97ef-50e14d1c08dc
|i af62216c-9a99-4629-80d4-4a737e2a3c2f
|t 0
|
| 952 |
f |
f |
|a Texas A&M University
|b College Station
|c Electronic Resources
|d Available Online
|t 0
|e HT384.C6 T746 2023
|h Library of Congress classification
|
| 998 |
f |
f |
|a HT384.C6 T746 2023
|t 0
|l Available Online
|